Cobra Kai Actors (Netflix) - Statistics

General Stats
  • This quiz has been taken 315 times
  • The average score is 8 of 11
Answer Stats
Hint Answer % Correct
Miguel Diaz Xolo Mariduena
93%
Tory Nichols Peyton List
91%
Daniel LaRusso Ralph Macchio
88%
Johnny Lawrence William Zabka
87%
Sam LaRusso Mary Mouser
84%
Hawk/Eli Jacob Bertrand
76%
Robby Keene Tanner Buchanan
76%
John Kreese Martin Kove
70%
Demetri Gianni Decenzo
56%
Amanda LaRusso Courtney Henggeler
52%
Aisha Nicole Brown
45%
No matching quizzes found
Score Distribution
Percent of People with Each Score
Percentile by Number Answered
Your Score History
You have not taken this quiz